Score 0/25 Timer 10:00
0 Plays Today
Season Team % Correct
1996/97Manchester United
98.7%
1997/98Manchester United
98.7%
2006/07Manchester United
98.7%
2016/17Manchester United
98.7%
2004/05Arsenal
97.1%
2009/10Arsenal
97.1%
1999/00Chelsea
96.5%
2008/09Chelsea
96.5%
2010/11Chelsea
96.5%
2014/15Chelsea
96.5%
2013/14Manchester City
94.8%
2015/16Manchester City
94.8%
1994/95Liverpool
94.2%
Season Team % Correct
1995/96Newcastle
79.5%
2002/03Newcastle
79.5%
2007/08Newcastle
79.5%
2003/04Blackburn
78.2%
1993/94Aston Villa
76.6%
1992/93Norwich
57.1%
2001/02Bolton
52.2%
2011/12Bolton
52.2%
2012/13Fulham
51.4%
2000/01Charlton
37.1%
2005/06Charlton
37.1%
1998/99Wimbledon
33.2%
Remove Ads.
Support Sporcle.
Get the best of Sporcle when you Go Orange. This ad-free experience offers more features, more stats, and more fun while also helping to support Sporcle. Thank you for becoming a member.

You're not logged in!

Compare scores with friends on all Sporcle quizzes.
OR
Log In

Show Comments

Extras

Top Quizzes Today


Score Distribution

Your Account Isn't Verified!

In order to create a playlist on Sporcle, you need to verify the email address you used during registration. Go to your Sporcle Settings to finish the process.

Report this User

Report this user for behavior that violates our Community Guidelines.

Details: